| 000 | 00368nam a2200145Ia 4500 | ||
|---|---|---|---|
| 008 | 231217s9999 xx 000 0 und d | ||
| 041 | _aEnglish | ||
| 082 | _a001.6424LIN SOB `R' | ||
| 100 | _aSobell, Mark G. | ||
| 245 | 2 | _aA practical guide to Linux | |
| 260 |
_c1997 _bMassachusetts : Addison-Wesley, |
||
| 300 | _axlvii+1015 | ||
| 650 | _aLinux | ||
| 942 | _cAA | ||
| 999 |
_c166930 _d166930 |
||